Sobre la existencia de Dios
Gardado en:
| Autor Principal: | |
|---|---|
| Formato: | Libro |
| Idioma: | Lingua castelá |
| Publicado: |
Madrid
Rialp
1979
|
| Series: | Cuestiones Fundamentales
|
| Subjects: | |
| Tags: |
Engadir etiqueta
Sen Etiquetas, Sexa o primeiro en etiquetar este rexistro!
|
MARC
| LEADER | 00000nam a2200000 a 4500 | ||
|---|---|---|---|
| 001 | UCZ5299 | ||
| 003 | CL-VaPUC | ||
| 008 | 951117e19790000SP |||||||||||||||||spa|d | ||
| 082 | 0 | 4 | |a 212 |b BRE |2 21 |
| 100 | 0 | |a Brentano, Francisco |e author |9 348132 | |
| 245 | 1 | 0 | |a Sobre la existencia de Dios |
| 300 | |a 474 p | ||
| 942 | |c BK | ||
| 945 | |d 19951117 00:00:00 |a lriquelm | ||
| 260 | |a Madrid |b Rialp |c 1979 | ||
| 650 | 0 | |a Teología |9 258766 | |
| 650 | 0 | |a Creencia Religiosa |9 316904 | |
| 650 | 0 | |a Teleología |9 325013 | |
| 650 | 0 | |a Filosofía cristiana |9 265980 | |
| 583 | |a last modification |c 19951117 00:00:00 |k Rodrigo Vera | ||
| 490 | 0 | |a Cuestiones Fundamentales | |
| 999 | |c 241618 |d 241616 | ||
| 952 | |0 0 |1 0 |4 0 |6 212_000000000000000_BRE_1979 |7 0 |8 P |9 253995 |a BIBEDU |b BIBEDU |c BIBEDU_PB |d 2019-11-19 |i 1573977 |o 212 BRE 1979 |p 1573977 |r 2024-01-25 |w 2019-11-19 |y BK |k FIL | ||